000 01041nam a2200241Ii 4500
003 JO-AjNU
005 20240629114839.0
008 230605s9999||||xx |||||||||||||| ||und||
040 _aJO-AjNU
_bara
_erda
_cJO-AjNU
041 _aara
050 1 4 _aKMM100.5 2021
100 1 _aكساسبه، خالد سليمان يوسف
_eمعد
_965798
245 0 _aالحماية الجزائية للبطاقة الائتمانية من التزوير=Criminal Protection for credit from fraud /
_cاعداد خالد سليمان يوسف كساسبه؛ اشراف منتصر القضاة
264 3 1 _a 2021
300 _a101 ورقة
336 _atext
_btxt
_2rdacontent
337 _aunmediated
_bn
_2rdamedia
338 _avolume
_bnc
_2rdacarrier
500 _aرسالة جامعية ( اطروحة ماجستير) جامعة عجلون الوطنية: كلية الحقوق ، قانون،2021
650 4 _aبطاقات الائتمان-قوانين
_961315
700 1 _aالقضاة، منتصر
_964973
_eمشرف
942 _2lcc
_cTHS
999 _c31276
_d31276